Flags of the USA without blue - Statistics

General Stats
  • This quiz has been taken 39 times
  • The average score is 4 of 8
Answer Stats
Picture Answer % Correct
California
100%
New Mexico
92%
Alabama
83%
Maryland
81%
Washington D.C.
44%
Naval ensign of Massachusetts
14%
Cherokee nation
11%
Tohono Oʼodham nation
0%
No matching quizzes found
Score Distribution
Percent of People with Each Score
Percentile by Number Answered
Your Score History
You have not taken this quiz